Bruno Mars - Chansons de l'album Doo-Wops and Hooligans - Statistiques

Statistiques générales
  • Ce quiz a été pris 16 fois
  • Le résultat moyen est 8 sur 11
Statistiques - réponses
Hint Réponse % Correct
Doo-Wops and Hooligans 1 Grenade
92%
Doo-Wops and Hooligans 6 Marry You
92%
Doo-Wops and Hooligans2 9 Count on Me
85%
Doo-Wops and Hooligans 2 Just the Way You Are
85%
Doo-Wops and Hooligans 4 Runaway Baby
85%
Doo-Wops and Hooligans 5 The Lazy Song
85%
Doo-Wops and Hooligans2 7 Talking to the Moon
77%
Doo-Wops and Hooligans2 8 Liquor Store Blues (feat. Damian Marley)
62%
Doo-Wops and Hooligans2 11 Somewhere in Brooklyn
62%
Doo-Wops and Hooligans2 10 The Other Side (feat. Cee Lo Green and B.o.B)
62%
Doo-Wops and Hooligans 3 Our First Time
54%
Aucun quiz correspondant
Distribution des résultats
% des personnes avec chaque résultat
Percentile par nombre de réponses
Votre historique - résultats
Vous n’avez pas pris ce quiz